000 05914nam a2200793 a 4500
999 _c114420
_d114420
003 BLK
005 20250603094907.0
008 180409b bul|||||r ||||||| ||bul||
010 _aKNG00119851000
040 _aBLK
041 _aBUL
_cBUL
080 _aФренска литература
_b821.133.1
_x-32
_z821.133.1-32
100 1 _aМороа, Андре
_eпърви автор
_gЕрцог, Емил
_999185
139 _aФренски разкази
_bФ 82
245 1 0 _aФренски разкази
_bСборник
_cАндре Мороа; прев. от фр. Пенка Пройкова; * Луи Арагон; * Пол Виалар; * Марсел Арлан; * Андре Дотел; * Марсел Еме; * Веркор; * Жан-Пол Сартр; * Жорж Гови; * Ерве Базен; * Анри Троая; * Жилбер Сесброн; * Албер Камю; * Албер Видали; * Арман Лану; * Пиер Данинос; * Ромен Гари; * Пол Тийар; * Пиер Гаскар; * Жан-Луи Кюртис; * Пиер Гамара; * Роже Грьоние; * Жорж Пируе; * Андре Стил; * Патрик Кесел; * Франсоаз Мале-Жорис; * Кристин Арноти; * Лилия Сталева; * Виолета Йончева; * Ангелина Терзиева; * Дора Попова; * Георги Куфов; * Атанас Христов Далчев; * Ерма Албертова Гечева; * Боян Атанасов; * Мария Далчева; * Любов Драганова; * Емилия Кръстева; * Бояна Петрова.
257 _aFRA
260 _aСофия
_bНар. култура
_c1976
_fВарна : Ст. Добрев-Странджата
300 _a432 с.
_c20 см
380 _aX
500 _aДруги авт.: Луи Арагон, Пол Виалар, Марсел Арлан, Андре Дотел, Марсел Еме, Веркор, Жан-Пол Сартр, Жорж Гови, Ерве Базен, Анри Троая, Жилбер Сесборн, Албер Камю, Албер Видали, Арман Лану, Пиер Данинос, Ромен Гари, Пол Тийар, Пиер Гаскар, Жан-Луи Кюртис, Пиер Гамара, Роже Грьоние, Жорж Пируе, Андре Стил, Патрик Кесел, Франсоаз Мале-Жорис, Кристин Арноти ; Други прев. : Лилия Сталева, Виолета Йончева, Ангелина Терзиева, Дора Попова, Георги Куфов, Атанас Далчев, Ерма Гечева, Людмила Стефанова, Боян Атанасов, Мария Далчева, Любов Драганова, Емилия Кръстева, Бояна Петрова. Подв. : 1,87 лв
650 4 _aФренска литература
_9277458
653 _aфренска литература
653 _aразкази
700 1 _aПройкова, Пенка
_eпрев. от фр.
_9368596
700 _aАрагон, Луи
_d3.Х.1897 - 24.ХІІ.1982
_gФренски писател, посетил Русе през 1947 г.
_qАндрийо, Луи-Мари
_9376205
700 1 _aВиалар, Пол
_e*
_947862
700 1 _aАрлан, Марсел
_e*
_933450
700 1 _aДотел, Андре
_e*
_964794
700 1 _aЕме, Марсел
_e*
_9364301
700 1 _aВеркор
_e*
_947657
700 1 _aСартр, Жан-Пол
_e*
_9364308
700 1 _aГови, Жорж
_e*
_954514
700 1 _aБазен, Ерве
_e*
_9313481
700 1 _aТроая, Анри
_e*
_gТроя, Анри
_9131509
700 1 _aСесброн, Жилбер
_e*
_9119942
700 1 _aКамю, Албер
_d1913 - 1960
_gФренски писател, драматург, журналист
_e*
_975878
700 1 _aВидали, Албер
_e*
_947905
700 1 _aЛану, Арман
_e*
_9376206
700 1 _aДанинос, Пиер
_e*
_958533
700 1 _aГари, Ромен
_e*
_gКацев, Роман
_9376207
700 1 _aТийар, Пол
_e*
_9128764
700 1 _aГаскар, Пиер
_e*
_951472
700 1 _aКюртис, Жан-Луи
_e*
_9313482
700 1 _aГамара, Пиер
_e*
_950846
700 1 _aГрьоние, Роже
_e*
_9313483
700 1 _aПируе, Жорж
_e*
_9110881
700 1 _aСтил, Андре
_e*
_9376208
700 1 _aКесел, Патрик
_e*
_978431
700 1 _aМале-Жорис, Франсоаз
_e*
_991555
700 1 _aАрноти, Кристин
_e*
_933652
700 1 _aСталева, Лилия
_e*
_9368569
700 1 _aЙончева, Виолета
_e*
_9365285
700 1 _aТерзиева, Ангелина
_e*
_9369568
700 1 _aПопова, Дора
_e*
_9365127
700 1 _aКуфов, Георги
_e*
_9367358
700 _aДалчев, Атанас Христов
_d1904-1978
_gПоет. Преводач от английски, френски, немски, испански, руски, гръцки и унгарски език.
_9363753
700 1 _aГечева, Ерма Албертова
_e*
_9367512
700 1 _aАтанасов, Боян
_e*
_9376038
700 1 _aДалчева, Мария
_e*
_9376209
700 1 _aДраганова, Любов
_e*
_9364150
700 1 _aКръстева, Емилия
_e*
_9313484
700 _aПетрова, Бояна Валериева
_d1948 - 2017
_gПреводач от италиански и френски език
_9263845
852 _aЦб 80438
_bЦб
856 4 _qpdf
_i0.00
_ldisable
856 4 _qpdf
_i0.00
_ldisable
942 _cKNG
_n0
_05
_s1
944 _aCR
_c14.10.2010
_lГеновева Генчева
_k30560
944 _aED
_c31.08.2016
_lдобави в АБ / 13.10.2010
_kИрена_Линкова